000 00754nab a22002417a 4500
001 09825
003 HDC
007 cr bn ---aaaaa
008 210128c20120810my ||||| |||| 00| 00may d
040 _aHDC
100 _aHafiz Ithnin,
_eauthor
_97623
245 0 _aMatrade intai 10 megalopolis /
_cHafiz Ithnin
336 _atext
_2rdacontent
337 _acomputer
_2rdamedia
338 _aonline resource
_2rdacarrier
650 _aBusiness
_9207
650 _aCommercial products
_910076
710 _aHarian Metro
856 _zRequest full-text at [email protected]
942 _2lcc
942 _cNEWS
942 _kNWSC 001943
999 _c7148
_d7148